02456cam a22003615i 4500999001700000001000800017003000900025005001700034008004100051020002600092020002900118040003800147082002300185245017500208250002100383264012700404300002900531336002600560337002800586338002700614490005500641504005100696520086200747650003601609650003301645653003401678655001701712700004201729856008601771856007401857942001201931952015101943 c27798d277693503790EG-ScBUE20191209105842.0950118r19991995enk f b 001 0 eng d a052148183X (hardback) a9780521481830 (hardback) aDLCbengerdacDLCdDLCdEG-ScBUE04a327.09049bBRI22200aBringing transnational relations back in :bnon-state actors, domestic structures and international institutions /cedited by Thomas Risse-Kappen, University of Konstanz. aReprint edition. 1aCambridge, UK ;aNew York, USA :bCambridge University Press :bThe Press Syndicate of The University of Cambridge,c1999. axvi, 323 pages ;c24 cm. atextbtxt2rdacontent aunmediatedbn2rdamedia avolumebnc2rdacarrier0 aCambridge studies in international relations ;v42 aIncludes bibliographical references and index. aTaking a fresh look at the impact of non-state actors on world politics and on the foreign policies of states, this book revives the debate on transnational relations which started in the 1970s. This debate withered away in the face of state-centered approaches, but this book's new approach emphasizes the interaction of states and transnational actors, arguing that domestic structures of the state as well as international institutions mediate the policy influence of transnational actors. Empirical chapters examine the European Economic and Monetary Union, US-Japanese transnational relations, multinational corporations in East Asia, Soviet and Russian security policy, democratization in Eastern Europe, and ivory management in Africa. The book concludes with chapters discussing the theoretical implications of the findings in the empirical studies. 7aInternational relations.2BUEsh 7aWorld politicsy1989-2BUEsh bMASPPSSbBUSBOLcNovember2019 vReading book2 aRisse-Kappen, Thomas,eeditor.912574423Publisher descriptionuhttp://www.loc.gov/catdir/description/cam026/95000866.html413Table of contentsuhttp://www.loc.gov/catdir/toc/cam022/95000866.html 2ddccBB 00102ddc40708BaccahaMAINbMAINc1STd2019-11-21ePurchaseg1290.00l0o327.09049 BRIp000048280r2025-07-15 00:00:00v1612.50w2019-11-21yBB